From Casablanca to Teheran--with texts of documents, (Record no. 89964)

MARC details
000 -LEADER
fixed length control field 00782cam a22002171 4500
001 - CONTROL NUMBER
control field sd 46000026
003 - CONTROL NUMBER IDENTIFIER
control field DLC
005 - DATE AND TIME OF LATEST TRANSACTION
control field 20260227112735.0
008 - FIXED-LENGTH DATA ELEMENTS--GENERAL INFORMATION
fixed length control field 940720s1944 nyu 000 0 eng c
010 ## - LIBRARY OF CONGRESS CONTROL NUMBER
LC control number sd 46000026
035 ## - SYSTEM CONTROL NUMBER
System control number (OCoLC)30796443
040 ## - CATALOGING SOURCE
Original cataloging agency U.S. Dept. of State. Libr.
Transcribing agency IEN
Modifying agency IEN
-- DLC
050 00 - LIBRARY OF CONGRESS CALL NUMBER
Classification number D410
Item number .F65 vol. 19, no. 23
100 1# - MAIN ENTRY--PERSONAL NAME
Personal name Dean, Vera Micheles,
Dates associated with a name 1903-1972.
245 10 - TITLE STATEMENT
Title From Casablanca to Teheran--with texts of documents,
Statement of responsibility, etc. by Vera Micheles Dean.
260 ## - PUBLICATION, DISTRIBUTION, ETC.
Place of publication, distribution, etc. New York, N.Y.,
Name of publisher, distributor, etc. Foreign Policy Association, Incorporated
Date of publication, distribution, etc. [1944]
300 ## - PHYSICAL DESCRIPTION
Extent 1 p. l., 307-312 p.
Dimensions 27 cm.
490 0# - SERIES STATEMENT
Series statement Foreign policy reports,
Volume/sequential designation vol. XIX, no. 23. February 15, 1944
650 #0 - SUBJECT ADDED ENTRY--TOPICAL TERM
Topical term or geographic name entry element World War, 1939-1945
Form subdivision Congresses.
650 #0 - SUBJECT ADDED ENTRY--TOPICAL TERM
Topical term or geographic name entry element World War, 1939-1945
Form subdivision Sources.

No items available.

Powered by Koha